[Event "Galapagar op 07th"]
[Site "Galapagar"]
[Date "2006.07.22"]
[Round "1"]
[White "Roa Alonso, Santiago"]
[Black "Santos Ortigosa, Joaquin"]
[Result "1-0"]
[WhiteElo "2418"]
[BlackElo "1928"]
[PlyCount "53"]
[EventDate "2006.07.22"]
[EventType "swiss"]
[EventRounds "7"]
[EventCountry "ESP"]
[SourceTitle "EXT 2007"]
[Source "ChessBase"]
[SourceDate "2006.11.23"]
[SourceVersion "1"]
[SourceVersionDate "2006.11.23"]
[SourceQuality "1"]

1. d4 Nf6 2. c4 c5 3. d5 b5 4. cxb5 a6 5. bxa6 Bxa6 6. Nc3 g6 7. Nf3 d6 8. Nd2 Bg7 9. e4 Bxf1 10. Nxf1 Qa5 11. Bd2 Qa6 12. Ne3 Nbd7 13. Qe2 Qxe2+ 14. Kxe2 0-0 15. Rhb1 Rfb8 16. f3 Nb6 17. Kd1 e6 18. Kc2 Kf8 19. a4 Ke7 20. a5 Nc8 21. Nc4 Ra6 22. Ra4 Na7 23. b4 cxb4 24. Raxb4 Rc8 25. Rb6 Rxc4 26. Rxa6 Nc8 27. Rc6 1-0

[Event "Madrid-ch sf"]
[Site "Madrid"]
[Date "2006.01.17"]
[Round "5"]
[White "Santos Ortigosa, Joaquin"]
[Black "Cortes Jurado, Rafael"]
[Result "1-0"]
[WhiteElo "1847"]
[BlackElo "2116"]
[PlyCount "67"]
[EventDate "2006.01.09"]
[EventType "swiss"]
[EventRounds "9"]
[EventCountry "ESP"]
[SourceTitle "CBM 110 Extra"]
[Source "ChessBase"]
[SourceDate "2006.03.10"]
[SourceVersion "2"]
[SourceVersionDate "2006.03.10"]
[SourceQuality "1"]

1. e4 c5 2. Nf3 e6 3. c3 Nf6 4. e5 Nd5 5. d4 cxd4 6. cxd4 Nc6 7. Bc4 Nb6 8. Bb3 d6 9. Bg5 Be7 10. Bxe7 Qxe7 11. Nc3 dxe5 12. dxe5 Nd7 13. Qe2 Nc5 14. Bc2 b6 15. Be4 Nxe4 16. Qxe4 Bb7 17. 0-0 0-0 18. a3 Na5 19. Qf4 Rac8 20. Nd2 Rfd8 21. Nce4 Bxe4 22. Nxe4 Rc4 23. b4 Rdd4 24. f3 Nc6 25. Rac1 Rxc1 26. Rxc1 Qd7 27. Rc3 Ne7 28. Qg3 Kh8 29. h3 Nf5 30. Qf2 h6 31. g4 Nh4 32. Nd6 Rd1+ 33. Kh2 Rd2 34. Qxd2 1-0